书目信息 |
| 书名: | Studying religion | |
| 作者: | Gary E. Kessler. | |
| 分册号: | ||
| 分册名: | 出版地: | Boston : |
|
| 出版社: | McGraw-Hill | |
| 出版时间: | c2006. | |
| 页数: | 1 v. (various pagings)p. ; | |
| 开本: | 24 cm. | |
| 丛书名: | ||
| 中图分类号: | ||
| 科图分类号: | ||
| 其他分类号: | B9 | |
| 主题词: | ||
| 电子资源: | http://www.loc.gov/catdir/enhancements/fy0628/2005927807-t.html http://www.loc.gov/catdir/enhancements/fy0628/2005927807-d.html | |
| 000 | 01054cam a22002894a 450 | |
| 001 | E0737625521 | |
| 005 | 20070315110931.14 | |
| 008 | 050519s2006 mau b 001 0 eng | |
| 010 | @a2005927807 | |
| 020 | @a0072986190 (pbk. : acid-free paper). | |
| 040 | @aDLC@cDLC@dDLC | |
| 042 | @apcc | |
| 090 | @aB9 | |
| 097 | 00 | @aBL48@b.K47 2006 |
| 099 | @dB9@ex1 | |
| 100 | 1 | @aKessler, Gary E. |
| 245 | 10 | @aStudying religion :@ban introduction through cases / @cGary E. Kessler. |
| 250 | @a2nd ed. | |
| 260 | @aBoston :@bMcGraw-Hill,@cc2006. | |
| 300 | @a1 v. (various pagings)p. ;@c24 cm. | |
| 650 | 0 | @aReligion@vCase studies. |
| 856 | 41 | @3 Table of contents only@uhttp://www.loc.gov/catdir/enhancements/fy0628/2005927807-t.html |
| 856 | 42 | @3 Publisher description@uhttp://www.loc.gov/catdir/enhancements/fy0628/2005927807-d.html |
| 906 | @a0@bibc@corigcop@d3@eepcn@f20@gy-gencatlg | |
| 925 | 0 | @aacquire@b1 shelf copy@xpolicy default |
| 955 | @apc20 2005-05-19 | |
| 955 | @apv17 2005-07-21 z-processor to SSCD@ayh16 2006-08-08 copy rec’d | |
| Studying religion : : an introduction through cases / / Gary E. Kessler.-2nd ed.-Boston : : McGraw-Hill, , c2006. |
| 1 v. (various pagings)p. ; ; 24 cm. |
| ISBN 0072986190 (pbk. : acid-free paper). |
| ● |
| 相关链接 |
|
|
|
|
正题名:Studying religion
索取号:B9/x1
 
预约/预借
| 序号 | 登录号 | 条形码 | 馆藏地/架位号 | 状态 | 备注 |
| 1 | 0001929 | 300019290 | 第二样本阅览室/ [索取号:B9/x1] | 在馆 | |
| 2 | 0001930 | 300019307 | 第四借阅区/ [索取号:B9/x1] | 在馆 | |
| 3 | 0001931 | 300019316 | 第四借阅区/ [索取号:B9/x1] | 在馆 |